000 00546nam a2200181 a 4500
001 000027312
005 20200930030738.0
008 110331s1992 gw ao 000 | ger d
020 _a3892610592
040 _aDO-SdBNP
_bspa
_cBNPHU
082 _axxx
_bH468d
100 1 _aHein, Robert
_954391
245 1 0 _aDominikanische republik /
_cRobert Hein ; fotos de Erich Tönspeterotto.
260 _a[Germany] :
_bArtcolor Verlag,
_c1992.
300 _a160 p. :
_bil., fot. ;
_c31 cm.
700 1 _aTönspeterotto, Erich,
_efot.
_954392
049 _aBNPD
999 _c26804
_d26804